000
00264nam a2200085Ia 4500
245
0
_a
100 artists who changed the world
100
_a
KRYSTAL, Barbara Milwaukee, WI, 2003 North American ed
_9
78959
942
_c
BK
008
210819s9999 xx 000 0 und d
999
_c
273723
_d
273722